LIBRARY & INFORMATION CENTRE, KCAET, TAVANUR

ONLINE PUBLIC ACCESS CATALOGUE (OPAC)

Development and Performance evaluation of power operated jackfruit seed separator (Record no. 15713)

MARC details
000 -LEADER
fixed length control field 00507nam a22001697a 4500
003 - CONTROL NUMBER IDENTIFIER
control field OSt
082 ## - DEWEY DECIMAL CLASSIFICATION NUMBER
Classification number 664
Item number ANN/D
088 ## - REPORT NUMBER
Report number P 446
100 ## - MAIN ENTRY--AUTHOR NAME
Personal name Annzia M Elias
100 ## - MAIN ENTRY--AUTHOR NAME
Personal name Dhanya Saseendran K
100 ## - MAIN ENTRY--AUTHOR NAME
Personal name Khadeeja PM
100 ## - MAIN ENTRY--AUTHOR NAME
Personal name Nikhitha Mohan A
245 ## - TITLE STATEMENT
Title Development and Performance evaluation of power operated jackfruit seed separator
260 ## - PUBLICATION, DISTRIBUTION, ETC. (IMPRINT)
Place of publication Tavanur
Name of publisher Department of Processing and Food Engineering
Year of publication 2019
700 ## - ADDED ENTRY--PERSONAL NAME
Personal name Rajesh G K (Guide)
942 ## - ADDED ENTRY ELEMENTS (KOHA)
Koha item type Project Report
Holdings
Collection code Home library Current library Shelving location Full call number Accession Number Koha item type
Reference KAUAET KAUAET Reference 664 ANN/D P 446 Project Report
free website counter